Statistics for Beggin' - Måneskin - All Lyrics

Click here to take the quiz!

General Stats

  • This quiz has been taken 110 times
  • The average score is 270 of 414

Answer Stats

Answer% Correct
I
100%
be
99%
beggin'
99%
beggin’
99%
beggin',
99%
hand
99%
Hey,
99%
I’m
99%
I'm
99%
yeah,
99%
Yeah,
99%
yeah-yeah,
99%
you,
99%
You
99%
you
99%
your
99%
put
97%
Put
97%
Mmm,
95%
baby
94%
a
91%
A
91%
loving
91%
out
91%
out,
91%
'cause
87%
'Cause
87%
‘Cause
87%
when
87%
also
85%
darlin'
77%
win
76%
So
75%
so
75%
An
72%
that
72%
And
68%
and
68%
to
68%
was
65%
on,
61%
on
61%
the
61%
The
61%
No?
59%
me
58%
me?
58%
go
57%
grow
57%
want
56%
don't
53%
wanna
53%
But
52%
hard
52%
king
52%
now
52%
ra-ta-ta-ta!
51%
come
49%
easy
49%
high
49%
it
49%
it?
49%
my
49%
everything
48%
lose
48%
Riding
48%
in
47%
let
47%
need
46%
had
44%
then
44%
knees
43%
we
42%
just
41%
Just
41%
played
41%
away,
39%
know
38%
man
38%
seed,
38%
fast,
37%
walked
37%
of
35%
can
34%
end
34%
that
34%
used
34%
all
33%
anytime
33%
Anytime
33%
What
33%
Why
33%
Only
32%
understand
32%
kind
30%
Tried
30%
again
29%
can't
29%
live
29%
empty
28%
Keep
28%
keep
28%
planted
28%
You’re
28%
feel
27%
for,
27%
for
27%
is
27%
got
25%
hold
25%
shell,
25%
won
25%
would
25%
alone
24%
basement?
24%
begin
24%
broken
24%
get
24%
heart
24%
over
24%
shadow
24%
back
23%
holding
23%
make
23%
own
23%
where
23%
could
22%
fall
22%
life
22%
walkin'
22%
Won’t
22%
chasin'?
20%
bleed,
19%
bottom?
19%
even
19%
feed,
19%
girl,
19%
good
19%
home,
19%
home
19%
replace
19%
stand
19%
hangin'
18%
Like
18%
shit,
18%
soul
18%
way
18%
at
16%
black
16%
doin'?
16%
embrace
16%
paint
16%
dance
15%
devil's
15%
from
15%
should
15%
best
14%
'bout
14%
fade
14%
pay
14%
took
14%
door
13%
picture
13%
seek,
13%
track
13%
fighting
11%
give
11%
yours
11%
doors
10%
hopin'
10%
openin'
10%
wrong
9%
calm,
8%
tellin'
8%

Score Distribution

Percentile by Number Answered

Percent of People with Each Score

Your Score History

You have not taken this quiz